000 01588cam a22004814i 4500
003 PE-LiUPU
005 20250731172703.0
008 150616s r 000 0 d
020 _a0800716361
035 _a(Sirsi) i9780800716363
040 _aPE-LiUPU
_bspa
_cPE-LiUPU
_erda
049 _aPRUA
082 0 4 _a269.2
_bH92
_221
100 1 _aHull, Bill,
_d1946-,
_eautor.
245 1 0 _aJesus christ disciple-maker /
_cBill Hull.
264 1 _aGrand Rapids, Michigan :
_bFleming H. Revell,
_c1984.
300 _a238 páginas ;
_c22 centímetros.
336 _atext
_2rdacontent
337 _aunmediated
_2rdamedia
338 _avolume
_2rdacarrier
504 _aIncluye bibliografía al pie de algunas páginas.
505 0 _aCome and see -- Come and follow me -- Come and be with me -- You will remain in me.
526 _aSEG42
526 _aSEG41
526 _aSEG40
526 _aSEG39
526 _aP94
526 _aP87
526 _aP86
526 _aP85
526 _aP77
526 _aP76
526 _aP35
650 0 4 _aEvangelísmo.
_9953
650 0 4 _aVida cristiana.
910 _ajck
_bjvq
_cjck
942 _2ddc
_cBOOK
949 _a269.2 H92
_wDEWEY
_c1
_i43666
_lCCODEBUL1
_mBUL
_r0
_sY
_tBOOK
_u2015-6-16
_xTEOLOGIA
_zUNKNOWN
_0COMPRA
_o.STAFF. Colección General
994 _aC0
_bPEPRU
596 _a1
999 _a269.2 H92
_wDEWEY
_c133
_i43666
_f2021-11-10
_g5
_lCCODEBUL1
_mBUL
_r0
_sY
_tBOOK
_u2015-6-16
_xTEOLOGIA
_zUNKNOWN
_0COMPRA
_o.STAFF. Colección General
_d133
980 _81
_gALBERTO SANCHEZ Responsable de Automatización